Complete the Song Title #11 - Statistics

General Stats
  • This quiz has been taken 48 times
  • The average score is 6 of 15
Answer Stats
Artist/Band Song % Correct
Michael Jackson Beat {It}
89%
Michael Jackson Billie {Jean}
89%
Jonas Brothers What A Man Gotta {Do}
78%
Nicky Youre Eyes On {You}
73%
Alec Benjamin If We Have Each {Other}
60%
Nicky Youre Shut Me {Up}
53%
Alec Benjamin Let Me Down {Slowly}
51%
Michael Jackson The Girl Is {Mine}
47%
Michael Jackson Dirty {Diana}
44%
Alec Benjamin Water {Fountain}
20%
Gesaffelstein Lost in the {Fire}
18%
Paulo Londra Adan y {Eva}
11%
Jonas Brothers Only {Human}
9%
Paulo Londra Tal {Vez}
4%
Gesaffelstein Hate or {Glory}
2%
No matching quizzes found
Score Distribution
Percent of People with Each Score
Percentile by Number Answered
Your Score History
You have not taken this quiz